000 00679nam a2200241Ia 4500
003 OSt
005 20221005125835.0
006 a|||||r|||| 00| 0
007 ta
008 221004b |||||||| |||| 00| 0 eng d
024 _a7916
037 _cTextual
040 _aCRL
_cCRL
_beng
041 _2eng
_aeng
100 _aVirmani K.G.
_9563344
110 _aUniversity of Delhi. Faculty of Arts. Department of Psychology
_9169788
245 0 _aPreliminary study of humor
260 _c1996
650 _aPSYCHOLOGY
700 _aUniversity of Delhi. Faculty of Arts. Department of Psychology
_9169789
942 _cTEXL
_2cc
999 _c1055258
_d1055258